00590nam a2200169 a 450000100100000000500170001000800410002704000250006808200160009311000880010924500150019726000480021230000200026004900090028095201140028999900170040300003304320200930070006.0110808s1962 dr 000 0 spa d aDO-SdBNPbspacBNPHU axxxxbR426e1 aRepública Dominicana.bAsociación Industrial de Dueños de Panaderías95874210aEstatutos. aSanto Domingo :bEditora del Caribe,c1962. a17 p. ;c22 cm. aBNPD 0010718PDaPDbPDcCTd2011-08-08iLF1l0oxxxx R426ep33043-10r2020-06-25w2020-06-25yLFPDZNo se presta c32534d32534